Mr. Bungle Songs by Album - Statistics

General Stats
  • This quiz has been taken 56 times
    35 since last reset
  • The average score is 22 of 43
Answer Stats
Album Song % Correct
Mr. Bungle Travolta (Quote Unquote)
94%
California Pink Cigarette
89%
Mr. Bungle Carousel
83%
Mr. Bungle My Ass Is On Fire
83%
California Retrovertigo
83%
Mr. Bungle Squeeze Me Macaroni
83%
Mr. Bungle The Girls Of Porn
83%
Mr. Bungle Dead Goon
72%
Mr. Bungle Egg
72%
California Sweet Charity
72%
Mr. Bungle Love Is A Fist
67%
California None Of Them Knew They Were Robots
67%
Mr. Bungle Stubb - A Dub
67%
Disco Volante Everyone I Went To High School With Is Dead
61%
California Golem II: The Bionic Vapour Boy
61%
California The Air-Conditioned Nightmare
61%
California Vanity Fair
61%
The Raging Wrath Of The Easter Bunny Demo Eracist
56%
California Goodbye Sober Day
56%
Disco Volante Platypus
56%
California Ars Moriendi
50%
Mr. Bungle Slowly Growing Deaf
50%
Disco Volante Carry Stress In The Jaw
44%
Disco Volante Desert Search For Techno Allah
44%
California The Holy Filament
44%
Disco Volante Violenza Domestica
44%
The Raging Wrath Of The Easter Bunny Demo Anarchy Up Your Anus
39%
The Raging Wrath Of The Easter Bunny Demo Bungle Grind
39%
Disco Volante Chemical Marriage
39%
Disco Volante Ma Meeshka Mow Skwoz
39%
The Raging Wrath Of The Easter Bunny Demo Raping Your Mind
39%
Disco Volante After School Special
33%
Disco Volante Merry Go Bye Bye
33%
Disco Volante The Bends
33%
Disco Volante Backstrokin'
28%
The Raging Wrath Of The Easter Bunny Demo Grizzly Adams
28%
The Raging Wrath Of The Easter Bunny Demo Hypocrites / Habla Espanol O Muere
28%
Disco Volante Phlegmatics
28%
The Raging Wrath Of The Easter Bunny Demo Sudden Death
22%
The Raging Wrath Of The Easter Bunny Demo Methematics
17%
The Raging Wrath Of The Easter Bunny Demo Loss For Words
11%
The Raging Wrath Of The Easter Bunny Demo Spreading The Thighs Of Death
11%
The Raging Wrath Of The Easter Bunny Demo Glutton For Punishment
6%
No matching quizzes found
Score Distribution
Percent of People with Each Score
Percentile by Number Answered
Your Score History
You have not taken this quiz since the last reset